000 00345nam a2200133Ia 4500
008 220217s9999||||xx |||||||||||||| ||und||
020 _a81-7722-002-0
082 _a004.6 HOL
100 _aHolyer, Andy
_92011
245 0 _aHTML: In easy steps
260 _aDreamtech press
_bNew Delhi
_c2000
300 _b79
650 _aCOMPUTER NETWORK
999 _c167926
_d167926